| 000 | 00734nam a22002531c 4500 | ||
|---|---|---|---|
| 001 | a987695703 | ||
| 008 | 201218s1979 gw a||| 000u eng d | ||
| 020 |
_a9780865310872 _9978-0-86531-087-2 |
||
| 041 | _aeng | ||
| 100 | 1 | _aScott, Harriet Fast | |
| 245 | 0 | 4 |
_aThe Armed forces of the USSR / _cHarriet Fast Scott; William F. Scott |
| 264 |
_aBoulder, Colorado : _bWestview Press, _c1979 |
||
| 300 | _axvi, 439 Seiten : Illustrationen | ||
| 650 | 0 | _aMilitär | |
| 650 | 0 | _aSicherheitspolitik | |
| 650 | 0 | _aTeilstreitkraft | |
| 650 | 0 | _aMilitärdoktrin | |
| 650 | 0 | _aGesamtverteidigung | |
| 651 | 0 | _aSowjetunion | |
| 700 | 1 |
_aScott, William F. _eVerfasserIn |
|
| 942 | _cMG | ||
| 040 | _cRU-10907106 | ||
| 003 | RU-10907106 | ||
| 999 |
_c55746 _d55746 |
||